LEADER 01342nam a2200301 u 4500 001 000000031606 003 CaOOAMICUS 005 20070226112147.0 008 971006c19861985it u000 u ita u 035 $a10771616 040 $aPUL(R)$bita 041 1 $aita$hger 100 1 $aErnst, Josef.$0(OLS)http://pul/name/25207 240 10$aBriefe an die Philipper, au Philemon, an die Kolosser, an die Epheser.$lItaliano.$0(OLS)http://pul/title/43469 245 13$aLe lettere ai Filippesi, a Filemone, ai Colossesi, agli Efesini /$ctradotte e commentate da Josef Ernst. 260 $aBrescia :$bMorcelliana,$c1986, c1985. 300 $a615 p. ;$c23 cm 490 1 $aIl Nuovo Testamento commentato 500 $aIndici : p. [561]-615. 504 $aBibliografia: p. [17]-26. 630 04$aBiblia.$pN.T.$pPauli epistolae.$kGruppi, scelte$xCommenti.$0(OLS)http://pul/subject/37983 830 3$aIl Nuovo Testamento commentato.$0(OLS)http://pul/title/43471 850 $aPUL 852 $aPUL$W1$xSL Religione 1$y3$m10 D 36$j43636$nBK-PRI$b $qStampati$B43636$CPULBib$Z2$F43636 $H $81 941 1 $a8 961 $aINV: 55287. 996 $6245$aLe lettere ai Filippesi, a Filemone, ai Colossesi, agli Efesini$9(OLS)http://pul/title/43470 996 $6260$aBrescia :$bMorcelliana$9(OLS)http://pul/publisher/47854 LEADER 01227nam a2200277 u 4500 001 000000113674 003 CaOOAMICUS 005 20120319094312.0 008 081027s2008 it u000 u ita u 020 $z978-88-598-0297-6 (v. 1)* 040 $aPUL$bita$dLDB 100 1 $aCampobasso, Gian Franco,$d1942-2003.$0(OLS)http://pul/name/30569 245 10$aDiritto commerciale /$cG. F. Campobasso. 250 $a6. ed. /$ba cura di Mario Campobasso 260 $aTorino :$bUTET Giuridica,$c2008. 300 $a3 v.$c24 cm 504 $aBibliografia in nota. 505 0 $av. 1. Diritto dell'impresa. -- v. 2. Le società. -- v. 3. Contratti, titoli di credito, procedure concorsuali. 650 4$aDiritto commerciale.$0(OLS)http://pul/subject/1505 700 1 $aCampobasso, Mario.$0(OLS)http://pul/name/66774 850 $aPUL 852 $aPUL$W1$xSL Diritto e Scienze Sociali 3$y79$m346. 4507 CAMGI 3$j129871$av. 1$qDDC 21$B128936$CPULBib$Z2$F128936 $H108628 $82 941 1 $a9 996 $6020$z978-88-598-0297-6 (v. 1)*$9(OLS)http://pul/number/138998 996 $6245$aDiritto commerciale$9(OLS)http://pul/title/56026 996 $6260$aTorino :$bUTET Giuridica$9(OLS)http://pul/publisher/79191